| 000 | 01264cam a2200277 i 4500 | ||
|---|---|---|---|
| 999 |
_c57736 _d57736 |
||
| 001 | 17969722 | ||
| 005 | 20201021133150.0 | ||
| 008 | 131212s2013 mnu b 001 0 eng | ||
| 010 | _a 2013417296 | ||
| 020 | _a9780314285324 | ||
| 041 | _aeng | ||
| 080 | _a341+347.9 N-74 | ||
| 100 | 1 |
_aNolan-Haley, Jacqueline M., _d1949- _eauthor. _99629 |
|
| 245 | 1 | 0 |
_aAlternative dispute resolution in a nutshell / _cby Jacqueline M. Nolan-Haley, Professor of Law, Director of ADR & Conflict Resolution Program, Fordham University, School of Law. |
| 250 | _aFourth edition. | ||
| 264 | 1 |
_aSt. Paul, MN : _bWest, _c[2013] |
|
| 300 |
_a 526 pages ; _c19 cm. |
||
| 490 | 0 | _aWest nutshell series | |
| 504 | _aIncludes bibliographical references (pages 15-16) and index. | ||
| 505 | 0 | _aIntroduction -- Negotiation -- Mediation -- Arbitration -- Dispute resolution in the court system -- Hybrid dispute resolution procedures. | |
| 650 | 0 |
_aDispute resolution (Law) _zUnited States. _99630 |
|
| 653 | _aსამართალი | ||
| 653 | _aდავების ალტერნატიული გადაწყვეტა მოკლედ | ||
| 856 | 4 | 1 |
_3Table of contents only _uhttp://www.loc.gov/catdir/toc/fy14pdf04/2013417296.html |
| 942 |
_2udc _cBK |
||